<?xml version="1.0" encoding="UTF-8"?>
<record
    xmlns:xsi="http://www.w3.org/2001/XMLSchema-instance"
    xsi:schemaLocation="http://www.loc.gov/MARC21/slim http://www.loc.gov/standards/marcxml/schema/MARC21slim.xsd"
    xmlns="http://www.loc.gov/MARC21/slim">

  <leader>01647nam2a2200289   4500</leader>
  <controlfield tag="001">rc\3028799</controlfield>
  <controlfield tag="005">20260315065014.0</controlfield>
  <datafield tag="035" ind1=" " ind2=" ">
    <subfield code="a">(NLR Aleph) 007169884</subfield>
  </datafield>
  <datafield tag="090" ind1=" " ind2=" ">
    <subfield code="a">13620588</subfield>
    <subfield code="c">13620588</subfield>
  </datafield>
  <datafield tag="100" ind1=" " ind2=" ">
    <subfield code="a">20110930d1940    u  y0rusy50      ca</subfield>
  </datafield>
  <datafield tag="101" ind1="0" ind2=" ">
    <subfield code="a">rus</subfield>
  </datafield>
  <datafield tag="102" ind1=" " ind2=" ">
    <subfield code="a">RU</subfield>
  </datafield>
  <datafield tag="105" ind1=" " ind2=" ">
    <subfield code="a">a   z   |||||</subfield>
  </datafield>
  <datafield tag="200" ind1="0" ind2=" ">
    <subfield code="a">&#x422;. 1</subfield>
    <subfield code="f">[&#x41A;. &#x410;. &#x412;&#x438;&#x43D;&#x43E;&#x433;&#x440;&#x430;&#x434;&#x43E;&#x432;, &#x420;.&#x413;. &#x417;&#x430;&#x445;, &#x42E;.&#x41C;. &#x41A;&#x43E;&#x441;&#x442;&#x440;&#x438;&#x43A;&#x438;&#x43D; &#x438; &#x434;&#x440;.]</subfield>
  </datafield>
  <datafield tag="210" ind1=" " ind2=" ">
    <subfield code="d">1940</subfield>
  </datafield>
  <datafield tag="215" ind1=" " ind2=" ">
    <subfield code="a">256 &#x441;., 1 &#x432;&#x43A;&#x43B;. &#x43B;. &#x447;&#x435;&#x440;&#x442;.</subfield>
    <subfield code="c">&#x438;&#x43B;., &#x447;&#x435;&#x440;&#x442;.</subfield>
  </datafield>
  <datafield tag="300" ind1=" " ind2=" ">
    <subfield code="a">&#x41A;&#x43E;&#x43B;&#x43B;&#x435;&#x43A;&#x442;&#x438;&#x432;&#x43D;&#x44B;&#x439; &#x442;&#x440;&#x443;&#x434; &#x440;&#x430;&#x431;&#x43E;&#x442;&#x43D;&#x438;&#x43A;&#x43E;&#x432; &#x412;&#x441;&#x435;&#x441;. &#x442;&#x435;&#x43F;&#x43B;&#x43E;&#x442;&#x435;&#x445;&#x43D;. &#x438;&#x43D;-&#x442;&#x430; &#x438;&#x43C;. &#x424;. &#x414;&#x437;&#x435;&#x440;&#x436;&#x438;&#x43D;&#x441;&#x43A;&#x43E;&#x433;&#x43E; &#x438; &#x43F;&#x440;&#x438;&#x431;&#x43E;&#x440;&#x43E;&#x441;&#x442;&#x440;&#x43E;&#x438;&#x442;. &#x43E;&#x440;&#x433;-&#x446;&#x438;&#x439;</subfield>
  </datafield>
  <datafield tag="320" ind1=" " ind2=" ">
    <subfield code="a">&#x410;&#x43B;&#x444;. &#x443;&#x43A;&#x430;&#x437;&#x430;&#x442;&#x435;&#x43B;&#x44C;: &#x441;. 255-6</subfield>
  </datafield>
  <datafield tag="461" ind1=" " ind2="0">
    <subfield code="1">001rc\3028798</subfield>
    <subfield code="1">2000#$a&#x41F;&#x440;&#x438;&#x431;&#x43E;&#x440;&#x44B; &#x442;&#x435;&#x43F;&#x43B;&#x43E;&#x432;&#x43E;&#x433;&#x43E; &#x43A;&#x43E;&#x43D;&#x442;&#x440;&#x43E;&#x43B;&#x44F; &#x44D;&#x43B;&#x435;&#x43A;&#x442;&#x440;&#x43E;&#x441;&#x442;&#x430;&#x43D;&#x446;&#x438;&#x439;$e&#x423;&#x442;&#x432;. &#x413;&#x423;&#x423;&#x417; &#x41D;&#x41A;&#x42D;&#x41F; &#x421;&#x421;&#x421;&#x420; &#x432; &#x43A;&#x430;&#x447;&#x435;&#x441;&#x442;&#x432;&#x435; &#x443;&#x447;&#x435;&#x431;&#x43D;&#x438;&#x43A;&#x430; &#x434;&#x43B;&#x44F; &#x43A;&#x443;&#x440;&#x441;&#x43E;&#x432; &#x43C;&#x430;&#x441;&#x442;&#x435;&#x440;&#x43E;&#x432; &#x441;&#x43E;&#x446;. &#x442;&#x440;&#x443;&#x434;&#x430;. &#x422;. 1 -$f&#x41F;&#x43E;&#x434; &#x440;&#x435;&#x434;. &#x438;&#x43D;&#x436;. &#x413;.&#x415;. &#x425;&#x43E;&#x43B;&#x43E;&#x434;&#x43E;&#x432;&#x441;&#x43A;&#x43E;&#x433;&#x43E;$v&#x422;. 1</subfield>
    <subfield code="9">7335063</subfield>
    <subfield code="c">&#x41C;&#x43E;&#x441;&#x43A;&#x432;&#x430;</subfield>
    <subfield code="d">1940</subfield>
    <subfield code="f">&#x41F;&#x43E;&#x434; &#x440;&#x435;&#x434;. &#x438;&#x43D;&#x436;. &#x413;.&#x415;. &#x425;&#x43E;&#x43B;&#x43E;&#x434;&#x43E;&#x432;&#x441;&#x43A;&#x43E;&#x433;&#x43E;</subfield>
    <subfield code="n">&#x413;&#x43E;&#x441;&#x44D;&#x43D;&#x435;&#x440;&#x433;&#x43E;&#x438;&#x437;&#x434;&#x430;&#x442;</subfield>
    <subfield code="o">&#x423;&#x442;&#x432;. &#x413;&#x423;&#x423;&#x417; &#x41D;&#x41A;&#x42D;&#x41F; &#x421;&#x421;&#x421;&#x420; &#x432; &#x43A;&#x430;&#x447;&#x435;&#x441;&#x442;&#x432;&#x435; &#x443;&#x447;&#x435;&#x431;&#x43D;&#x438;&#x43A;&#x430; &#x434;&#x43B;&#x44F; &#x43A;&#x443;&#x440;&#x441;&#x43E;&#x432; &#x43C;&#x430;&#x441;&#x442;&#x435;&#x440;&#x43E;&#x432; &#x441;&#x43E;&#x446;. &#x442;&#x440;&#x443;&#x434;&#x430;. &#x422;. 1 -</subfield>
    <subfield code="t">&#x41F;&#x440;&#x438;&#x431;&#x43E;&#x440;&#x44B; &#x442;&#x435;&#x43F;&#x43B;&#x43E;&#x432;&#x43E;&#x433;&#x43E; &#x43A;&#x43E;&#x43D;&#x442;&#x440;&#x43E;&#x43B;&#x44F; &#x44D;&#x43B;&#x435;&#x43A;&#x442;&#x440;&#x43E;&#x441;&#x442;&#x430;&#x43D;&#x446;&#x438;&#x439;</subfield>
    <subfield code="v">&#x422;. 1</subfield>
  </datafield>
  <datafield tag="702" ind1=" " ind2="1">
    <subfield code="a">&#x412;&#x438;&#x43D;&#x43E;&#x433;&#x440;&#x430;&#x434;&#x43E;&#x432;</subfield>
    <subfield code="b">&#x41A;.&#x410;.</subfield>
    <subfield code="4">220</subfield>
  </datafield>
  <datafield tag="702" ind1=" " ind2="1">
    <subfield code="a">&#x417;&#x430;&#x445;</subfield>
    <subfield code="b">&#x420;.&#x413;.</subfield>
    <subfield code="4">220</subfield>
  </datafield>
  <datafield tag="702" ind1=" " ind2="1">
    <subfield code="a">&#x41A;&#x43E;&#x441;&#x442;&#x440;&#x438;&#x43A;&#x438;&#x43D;</subfield>
    <subfield code="b">&#x42E;.&#x41C;.</subfield>
    <subfield code="4">220</subfield>
  </datafield>
  <datafield tag="801" ind1=" " ind2="0">
    <subfield code="a">RU</subfield>
    <subfield code="b">NLR</subfield>
    <subfield code="g">psbo</subfield>
  </datafield>
  <datafield tag="801" ind1=" " ind2="1">
    <subfield code="a">RU</subfield>
    <subfield code="b">ELAR</subfield>
    <subfield code="2">rusmarc</subfield>
  </datafield>
  <datafield tag="852" ind1=" " ind2=" ">
    <subfield code="a">NLR</subfield>
    <subfield code="j">40-19/37(1)</subfield>
  </datafield>
  <datafield tag="942" ind1=" " ind2=" ">
    <subfield code="c">UNSPEC</subfield>
  </datafield>
  <datafield tag="980" ind1=" " ind2=" ">
    <subfield code="a">NB</subfield>
  </datafield>
</record>
